[Event "2007 U.S. Masters Championship"]
[Site "Hendersonville, NC"]
[Date "2007.03.12"]
[Round "1.2"]
[White "Horwitz, Matthew A"]
[Black "Warnk, Torsten"]
[Result "1/2-1/2"]
[WhiteElo "1829"]
[BlackElo "1996"]
[PlyCount "136"]
[EventDate "2007.03.10"]
[EventType "swiss"]
[EventRounds "9"]
[EventCountry "USA"]
[Source "Kevin Hyde"]
[SourceDate "2007.03.18"]

1. e4 e6 2. d4 d5 3. Nc3 Bb4 4. e5 c5 5. Bd2 cxd4 6. Nb5 Be7 7. Nf3 Nc6 8.
Nbxd4 Nxd4 9. Nxd4 Qb6 10. Nb3 Qc7 11. f4 f6 12. Bd3 Bd7 13. Qh5+ Kf8 14. O-O-O
Be8 15. Qf3 Rc8 16. Nd4 Bf7 17. Rde1 Qb6 18. Be3 Bc5 19. Qf2 f5 20. Rhf1 Ne7
21. Nb5 Bxe3+ 22. Qxe3 Qxe3+ 23. Rxe3 Nc6 24. Nd6 Rc7 25. b3 Nb4 26. Kb2 Ke7
27. Rg3 g6 28. a3 Nc6 29. c4 a6 30. cxd5 exd5 31. Rc1 Rb8 32. a4 Be6 33. Be2
Kd7 34. Ka3 Nd4 35. Rxc7+ Kxc7 36. Rc3+ Kd7 37. Bf3 b5 38. axb5 axb5 39. Kb2 b4
40. Rc5 Nxf3 41. gxf3 Rb6 42. Ra5 Kc6 43. Ra7 Bd7 44. Nf7 Be6 45. Nd8+ Kc5 46.
Nxe6+ Rxe6 47. Rxh7 Kd4 48. Rb7 Ke3 49. Rxb4 d4 50. Kc2 Rc6+ 51. Rc4 Ra6 52.
Ra4 d3+ 53. Kd1 Rb6 54. b4 Kxf3 55. Kd2 Kxf4 56. Kxd3 Kxe5 57. Ke3 Kf6 58. Kf3
Kg5 59. Kg3 Rd6 60. Ra3 Rb6 61. Rb3 Rb5 62. Rb2 Kf6 63. Kf3 g5 64. Kg3 Ke5 65.
Kf3 Kd4 66. Rg2 g4+ 67. Kg3 Kc3 68. Rf2 Kd4 1/2-1/2

[Event "2007 U.S. Masters Championship"]
[Site "Hendersonville, NC"]
[Date "2007.03.13"]
[Round "2.2"]
[White "Ehlvest, Jaan"]
[Black "Aleskerov, Faik"]
[Result "1-0"]
[WhiteElo "2675"]
[BlackElo "2325"]
[PlyCount "52"]
[EventDate "2007.03.10"]
[EventType "swiss"]
[EventRounds "9"]
[EventCountry "USA"]
[Source "Kevin Hyde"]
[SourceDate "2007.03.18"]

1. d4 g6 2. e4 Bg7 3. Nf3 c6 4. h3 d5 5. Nbd2 Nf6 6. Bd3 dxe4 7. Nxe4 Nxe4 8.
Bxe4 c5 9. dxc5 Qa5+ 10. c3 Qxc5 11. O-O O-O 12. Re1 Qb6 13. Qb3 Qc7 14. Be3
Nd7 15. Nd4 a6 16. Qa3 Nf6 17. Bf3 Rb8 18. Rad1 Re8 19. Bg5 e5 20. Nb3 h6 21.
Bh4 Qc4 22. Qd6 Be6 23. Bg3 Rbd8 24. Qxd8 Rxd8 25. Rxd8+ Kh7 26. Bxe5 b6 1-0

[Event "2007 U.S. Masters Championship"]
[Site "Hendersonville, NC"]
[Date "2007.03.13"]
[Round "2.2"]
[White "Robson, Ray S"]
[Black "Smith, Bryan G"]
[Result "1-0"]
[WhiteElo "2330"]
[BlackElo "2444"]
[PlyCount "93"]
[EventDate "2007.03.10"]
[EventType "swiss"]
[EventRounds "9"]
[EventCountry "USA"]
[Source "Kevin Hyde"]
[SourceDate "2007.03.18"]

1. e4 e6 2. d4 d5 3. Nd2 Nf6 4. e5 Nfd7 5. Bd3 c5 6. c3 Nc6 7. Ne2 cxd4 8. cxd4
f6 9. exf6 Qxf6 10. Nf3 h6 11. O-O Bd6 12. Ng3 O-O 13. Bc2 Rf7 14. Qd3 Nf8 15.
a3 Rc7 16. Re1 Bd7 17. Bd2 Be8 18. Qe3 a6 19. Bb3 Rac8 20. Ne5 Qh4 21. Nf3 Qf6
22. Ne5 Qe7 23. Bc3 Nxe5 24. dxe5 Bc5 25. Bd4 Bb5 26. Rad1 b6 27. h3 Qe8 28. f4
g6 29. Kh2 Ba4 30. Bxa4 Qxa4 31. Ne2 h5 32. Rd2 Qe8 33. Rd3 a5 34. Rf1 Rg7 35.
Ng1 Bxd4 36. Qxd4 Qb5 37. a4 Qb4 38. Qxb4 axb4 39. Rd4 Rc4 40. Rfd1 b3 41. Rxc4
dxc4 42. Rc1 Rc7 43. Nf3 Kf7 44. Nd2 g5 45. fxg5 Kg6 46. Rxc4 Rd7 47. Nxb3 1-0

[Event "2007 U.S. Masters Championship"]
[Site "Hendersonville, NC"]
[Date "2007.03.13"]
[Round "2.2"]
[White "Pupols, Viktors"]
[Black "Warnk, Torsten"]
[Result "1-0"]
[WhiteElo "2240"]
[BlackElo "1996"]
[PlyCount "77"]
[EventDate "2007.03.10"]
[EventType "swiss"]
[EventRounds "9"]
[EventCountry "USA"]
[Source "Kevin Hyde"]
[SourceDate "2007.03.18"]

1. d4 d5 2. c4 e6 3. Nc3 Nf6 4. Bg5 Be7 5. e3 O-O 6. Nf3 Nbd7 7. Qc2 b6 8. cxd5
exd5 9. Bd3 Bb7 10. O-O h6 11. Bh4 c5 12. Rfd1 cxd4 13. Nxd4 Nc5 14. Nf5 Rc8
15. Rac1 Qc7 16. Nxe7+ Qxe7 17. Bh7+ Kh8 18. Bf5 Rcd8 19. Nb5 a6 20. Nd4 g5 21.
Bg3 Nfe4 22. b4 Nxg3 23. hxg3 Ne6 24. Bxe6 fxe6 25. Qc7 Rd7 26. Qxb6 Rd6 27.
Qc7 Rd7 28. Qe5+ Rf6 29. Rc2 Kh7 30. Rdc1 Kg6 31. a3 Qd6 32. Qxd6 Rxd6 33. Rc7
Rb6 34. Re7 Rf7 35. Rxe6+ Rxe6 36. Nxe6 Rf6 37. Nd8 Rb6 38. Nxb7 Rxb7 39. Rc6+
1-0

[Event "2007 U.S. Masters Championship"]
[Site "Hendersonville, NC"]
[Date "2007.03.13"]
[Round "2.2"]
[White "Ho, Conrad"]
[Black "Pohl, Klaus A"]
[Result "1/2-1/2"]
[WhiteElo "2201"]
[BlackElo "2215"]
[PlyCount "155"]
[EventDate "2007.03.10"]
[EventType "swiss"]
[EventRounds "9"]
[EventCountry "USA"]
[Source "Kevin Hyde"]
[SourceDate "2007.03.18"]

1. e4 e6 2. d4 d5 3. Nc3 Bb4 4. exd5 exd5 5. Bd3 Nc6 6. a3 Ba5 7. Nge2 Nge7 8.
O-O Bg4 9. f3 Bf5 10. Bxf5 Nxf5 11. Qd3 Nfe7 12. Kh1 O-O 13. Nf4 Bb6 14. Nce2
Ng6 15. c3 Na5 16. Qf5 c6 17. Nh5 Nc4 18. Neg3 Nd6 19. Qh3 Qh4 20. Qxh4 Nxh4
21. Bf4 Ne8 22. Rfe1 Ng6 23. Nf5 Nxf4 24. Nxf4 g6 25. Nh6+ Kg7 26. Ng4 h5 27.
Ne5 Nf6 28. Re2 Rfe8 29. Rae1 Re7 30. Ned3 Rxe2 31. Rxe2 Re8 32. Kg1 Rxe2 33.
Nxe2 Ne8 34. Nc5 Nd6 35. a4 Bd8 36. Kf2 Bg5 37. a5 a6 38. g3 Bd8 39. b4 Be7 40.
Nf4 Nb5 41. Nxb7 Nxc3 42. Nc5 Bxc5 43. bxc5 Nb5 44. Ke3 Na3 45. Kd3 Nc4 46. Kc3
Nxa5 47. Nd3 Kf6 48. Nb4 Ke6 49. Nxa6 Kd7 50. Nb4 Nc4 51. Kd3 Na3 52. Kd2 Nb5
53. Kd3 Nc7 54. Ke3 Ne6 55. h4 Ng7 56. g4 f6 57. Nd3 g5 58. hxg5 fxg5 59. Ne5+
Kc7 60. gxh5 Nxh5 61. Nf7 Kd7 62. Nxg5 Ke7 63. Nh3 Kf6 64. Nf2 Ng3 65. Ng4+ Kg5
66. Ne5 Nf5+ 67. Kd3 Ne7 68. Ke2 Kf4 69. Kf2 Kg5 70. Ke2 Kf4 71. Nd3+ Kg3 72.
Ne5 Kf4 73. Kd3 Kg3 74. Ke2 Kf4 75. Nd3+ Kg3 76. Ne5 Kf4 77. Kd2 Kg3 78. Kd3
1/2-1/2

[Event "2007 U.S. Masters Championship"]
[Site "Hendersonville, NC"]
[Date "2007.03.13"]
[Round "2.2"]
[White "Dana, Maurice"]
[Black "Kobernat, Alan E"]
[Result "1-0"]
[WhiteElo "2205"]
[BlackElo "2017"]
[PlyCount "41"]
[EventDate "2007.03.10"]
[EventType "swiss"]
[EventRounds "9"]
[EventCountry "USA"]
[Source "Kevin Hyde"]
[SourceDate "2007.03.18"]

1. e4 e5 2. Nf3 Nc6 3. Bb5 Bc5 4. O-O Nd4 5. Nxd4 Bxd4 6. c3 Bb6 7. d4 c6 8.
Bc4 d6 9. f4 exd4 10. cxd4 d5 11. exd5 Ne7 12. f5 Nxf5 13. Re1+ Kf8 14. Nc3
Bxd4+ 15. Kh1 Qh4 16. Ne2 Be5 17. Bf4 Bxf4 18. Nxf4 Qxf4 19. dxc6 g6 20. Qb3
Nd6 21. Bd5 1-0

[Event "2007 U.S. Masters Championship"]
[Site "Hendersonville, NC"]
[Date "2007.03.14"]
[Round "3.2"]
[White "Robson, Ray S"]
[Black "Ehlvest, Jaan"]
[Result "1/2-1/2"]
[WhiteElo "2330"]
[BlackElo "2675"]
[PlyCount "125"]
[EventDate "2007.03.10"]
[EventType "swiss"]
[EventRounds "9"]
[EventCountry "USA"]
[Source "Kevin Hyde"]
[SourceDate "2007.03.18"]

1. e4 c5 2. Nf3 e6 3. d4 cxd4 4. Nxd4 Nf6 5. Nc3 d6 6. Be2 Be7 7. O-O Nc6 8.
Be3 Bd7 9. f4 Nxd4 10. Bxd4 Bc6 11. Bd3 O-O 12. Qe2 a6 13. a4 Qa5 14. Nd1 Rac8
15. Kh1 e5 16. Bc3 Qc7 17. Nf2 exf4 18. Ng4 Nd7 19. Rxf4 Ne5 20. Raf1 Bd7 21.
Ne3 Bg5 22. Nd5 Qd8 23. Bxe5 dxe5 24. R4f2 Bxa4 25. Bc4 Rxc4 26. Qxc4 Bb5 27.
Qc5 Bxf1 28. Rxf1 Qc8 29. Ne7+ Bxe7 30. Qxe7 f6 31. h3 Rf7 32. Qd6 Qc7 33. Qd5
Qd7 34. Qc4 Qb5 35. Qxb5 axb5 36. Rd1 Rc7 37. c3 h5 38. Rd5 b4 39. cxb4 Rc4 40.
Rb5 Rxe4 41. Rxb7 Kh7 42. Kg1 Re2 43. b3 Rb2 44. b5 Rxb3 45. Kf2 h4 46. b6 Kg6
47. Rb8 Kf5 48. b7 Kf4 49. Rh8 Rb2+ 50. Kg1 Rxb7 51. Rxh4+ Ke3 52. Ra4 Rb1+ 53.
Kh2 e4 54. Kg3 Rd1 55. Ra7 g5 56. Ra6 f5 57. Ra5 Rf1 58. h4 f4+ 59. Kg4 gxh4
60. Kxh4 Rd1 61. Kg4 Rd2 62. Ra3+ Rd3 63. Ra4 1/2-1/2

[Event "2007 U.S. Masters Championship"]
[Site "Hendersonville, NC"]
[Date "2007.03.14"]
[Round "3.2"]
[White "Smith, Bryan G"]
[Black "Pupols, Viktors"]
[Result "1-0"]
[WhiteElo "2444"]
[BlackElo "2240"]
[PlyCount "55"]
[EventDate "2007.03.10"]
[EventType "swiss"]
[EventRounds "9"]
[EventCountry "USA"]
[Source "Kevin Hyde"]
[SourceDate "2007.03.18"]

1. e4 c6 2. d4 d5 3. f3 Nf6 4. e5 Nfd7 5. f4 e6 6. Nf3 c5 7. c3 Nc6 8. Na3 cxd4
9. cxd4 Nb6 10. Nc2 Bd7 11. Bd3 Nb4 12. Nxb4 Bxb4+ 13. Bd2 Qe7 14. O-O O-O-O
15. Bc1 Qe8 16. a3 Be7 17. a4 Kb8 18. b3 Rc8 19. f5 exf5 20. e6 Bxe6 21. Bf4+
Ka8 22. a5 Nd7 23. a6 b6 24. Bb5 h6 25. Rc1 g5 26. Bc7 Rxc7 27. Rxc7 Bd6 28.
Qc2 1-0

[Event "2007 U.S. Masters Championship"]
[Site "Hendersonville, NC"]
[Date "2007.03.14"]
[Round "3.2"]
[White "Aleskerov, Faik"]
[Black "Dana, Maurice"]
[Result "1-0"]
[WhiteElo "2325"]
[BlackElo "2205"]
[PlyCount "71"]
[EventDate "2007.03.10"]
[EventType "swiss"]
[EventRounds "9"]
[EventCountry "USA"]
[Source "Kevin Hyde"]
[SourceDate "2007.03.18"]

1. e4 e5 2. Nf3 Nc6 3. d4 exd4 4. Bc4 Bc5 5. c3 Nf6 6. b4 Bb6 7. a4 a6 8. e5 d5
9. exd6 O-O 10. O-O Bg4 11. Be2 Re8 12. a5 Ba7 13. Bf4 Qd7 14. dxc7 Nh5 15. Bg5
h6 16. Bc1 Qxc7 17. Nxd4 Rxe2 18. Nxe2 Re8 19. Ra2 Bb8 20. g3 Ne5 21. Nd2 Rd8
22. h3 Nf3+ 23. Kh1 Qc6 24. hxg4 Rxd2 25. Rxd2 Nxd2+ 26. f3 Nxf1 27. Kg2 Nhxg3
28. Nxg3 Bxg3 29. Qd8+ Kh7 30. Qd3+ Kg8 31. Kxf1 Qb5 32. Qxb5 axb5 33. f4 f5
34. c4 bxc4 35. b5 g5 36. a6 1-0

[Event "2007 U.S. Masters Championship"]
[Site "Hendersonville, NC"]
[Date "2007.03.14"]
[Round "3.2"]
[White "Warnk, Torsten"]
[Black "Pohl, Klaus A"]
[Result "1-0"]
[WhiteElo "1996"]
[BlackElo "2215"]
[PlyCount "141"]
[EventDate "2007.03.10"]
[EventType "swiss"]
[EventRounds "9"]
[EventCountry "USA"]
[Source "Kevin Hyde"]
[SourceDate "2007.03.18"]

1. d4 d6 2. Nf3 Nf6 3. c4 g6 4. Nc3 Bg7 5. Bf4 O-O 6. e3 c5 7. Be2 Nfd7 8. O-O
Nc6 9. a3 h6 10. Rb1 e5 11. dxe5 dxe5 12. Bg3 Re8 13. Nd5 e4 14. Nc7 exf3 15.
Bxf3 Nde5 16. Nxa8 Nxf3+ 17. gxf3 Qg5 18. Nc7 Rd8 19. Nd5 h5 20. h4 Qh6 21. Bf4
Qh8 22. b4 cxb4 23. axb4 Kh7 24. Qc2 Bf5 25. e4 Nd4 26. Qd3 Bh3 27. Rfe1 Nc6
28. Kh2 Be6 29. Bc7 Rd7 30. Bg3 Qd8 31. f4 Kh8 32. b5 Nd4 33. Rbd1 Bg4 34. Rc1
Nf3+ 35. Kg2 Nxe1+ 36. Rxe1 Be6 37. Rd1 f5 38. f3 a5 39. Qa3 Bxd5 40. Rxd5 Rxd5
41. exd5 Bd4 42. Bf2 Bxf2 43. Kxf2 Qxh4+ 44. Kg2 Qd8 45. Qb2+ Kh7 46. b6 a4 47.
Qa3 Qe8 48. Qd3 Qe1 49. d6 h4 50. d7 Qg3+ 51. Kf1 Qh3+ 52. Ke1 Qg3+ 53. Kd1
Qg1+ 54. Kc2 Qf2+ 55. Qd2 Qxb6 56. d8=Q Qb3+ 57. Kc1 Qxc4+ 58. Qc2 Qxf4+ 59.
Qdd2 Qe5 60. Qd7+ Kh6 61. Qcd2+ f4 62. Q7d4 Qc7+ 63. Kd1 g5 64. Qd6+ Qxd6 65.
Qxd6+ Kh5 66. Qe6 a3 67. Kc2 b5 68. Kb3 b4 69. Ka2 h3 70. Qxh3+ Kg6 71. Kb3 1-0

[Event "2007 U.S. Masters Championship"]
[Site "Hendersonville, NC"]
[Date "2007.03.14"]
[Round "3.2"]
[White "Harris, Neal D"]
[Black "Ho, Conrad"]
[Result "1/2-1/2"]
[WhiteElo "2215"]
[BlackElo "2201"]
[PlyCount "90"]
[EventDate "2007.03.10"]
[EventType "swiss"]
[EventRounds "9"]
[EventCountry "USA"]
[Source "Kevin Hyde"]
[SourceDate "2007.03.18"]

1. e4 e6 2. Nf3 d5 3. Nc3 Nf6 4. e5 Nfd7 5. d4 c5 6. Bg5 Qb6 7. dxc5 Qxb2 8.
Nb5 Qb4+ 9. c3 Qxc5 10. Be3 d4 11. Nfxd4 Na6 12. f4 Qd5 13. Qa4 Qe4 14. Kf2 Be7
15. Nd6+ Bxd6 16. exd6 O-O 17. Bxa6 bxa6 18. Qc6 Nf6 19. Qxe4 Nxe4+ 20. Ke1
Nxc3 21. Nc6 Bb7 22. Ne7+ Kh8 23. Rc1 Nd5 24. Nxd5 Bxd5 25. Kd2 Rfd8 26. Bc5
Bxa2 27. Ke3 Bd5 28. Rc3 h5 29. Ra1 Bb7 30. Rb1 Bxg2 31. Rg1 Bd5 32. Bd4 e5 33.
fxe5 Be6 34. Ra1 Rab8 35. Rxa6 Rb2 36. Rc7 Rxh2 37. Raxa7 Rh3+ 38. Kd2 Kg8 39.
Re7 Rg3 40. d7 Bxd7 41. Raxd7 Rxd7 42. Rxd7 h4 43. Bf2 Rg5 44. e6 fxe6 45. Bxh4
Rd5+ 1/2-1/2

[Event "2007 U.S. Masters Championship"]
[Site "Hendersonville, NC"]
[Date "2007.03.14"]
[Round "3.2"]
[White "Kobernat, Alan E"]
[Black "Hales, William T"]
[Result "1-0"]
[WhiteElo "2017"]
[BlackElo "1685"]
[PlyCount "37"]
[EventDate "2007.03.10"]
[EventType "swiss"]
[EventRounds "9"]
[EventCountry "USA"]
[Source "Kevin Hyde"]
[SourceDate "2007.03.18"]

1. e4 c6 2. d4 d5 3. f3 e6 4. Nc3 Bb4 5. Nge2 dxe4 6. fxe4 Qh4+ 7. Ng3 Nf6 8.
Bd3 c5 9. O-O Bd7 10. Rf4 Qg5 11. Rf5 Qg4 12. Be2 exf5 13. Bxg4 fxg4 14. e5
cxd4 15. exf6 dxc3 16. fxg7 Bc5+ 17. Kh1 Rg8 18. Nh5 Kd8 19. Qd5 1-0

[Event "2007 U.S. Masters Championship"]
[Site "Hendersonville, NC"]
[Date "2007.03.15"]
[Round "4.2"]
[White "Ehlvest, Jaan"]
[Black "Smith, Bryan G"]
[Result "1/2-1/2"]
[WhiteElo "2675"]
[BlackElo "2444"]
[PlyCount "21"]
[EventDate "2007.03.10"]
[EventType "swiss"]
[EventRounds "9"]
[EventCountry "USA"]
[Source "Kevin Hyde"]
[SourceDate "2007.03.18"]

1. d4 Nf6 2. c4 e6 3. g3 d5 4. Nf3 dxc4 5. Qa4+ c6 6. Qxc4 b5 7. Qc2 Bb7 8. Bg2
Nbd7 9. Nc3 Be7 10. O-O O-O 11. Bg5 1/2-1/2

[Event "2007 U.S. Masters Championship"]
[Site "Hendersonville, NC"]
[Date "2007.03.15"]
[Round "4.2"]
[White "Pupols, Viktors"]
[Black "Robson, Ray S"]
[Result "0-1"]
[WhiteElo "2240"]
[BlackElo "2330"]
[PlyCount "72"]
[EventDate "2007.03.10"]
[EventType "swiss"]
[EventRounds "9"]
[EventCountry "USA"]
[Source "Kevin Hyde"]
[SourceDate "2007.03.18"]

1. d4 d5 2. c4 e6 3. Nf3 Nf6 4. g3 dxc4 5. Qa4+ Nbd7 6. Bg2 a6 7. Qxc4 b5 8.
Qc6 Rb8 9. O-O Bb7 10. Qc2 c5 11. a4 Be7 12. axb5 axb5 13. Nbd2 O-O 14. b3 Rc8
15. Qb1 Nb6 16. dxc5 Bxc5 17. Bb2 Nbd5 18. Ng5 g6 19. Nge4 Be7 20. Ra7 Nxe4 21.
Nxe4 Qb6 22. Qa1 Ra8 23. Bd4 Rxa7 24. Qxa7 Qxa7 25. Bxa7 Rc8 26. Bd4 Rc2 27.
Ra1 Rxe2 28. Bf3 Rc2 29. Bd1 Rc8 30. Be5 Rd8 31. Bf3 f5 32. Nd2 Bc5 33. Nf1 Bb6
34. h4 Kf7 35. Be2 Rc8 36. Bxb5 Rc2 0-1

[Event "2007 U.S. Masters Championship"]
[Site "Hendersonville, NC"]
[Date "2007.03.15"]
[Round "4.2"]
[White "Warnk, Torsten"]
[Black "Aleskerov, Faik"]
[Result "0-1"]
[WhiteElo "1996"]
[BlackElo "2325"]
[PlyCount "118"]
[EventDate "2007.03.10"]
[EventType "swiss"]
[EventRounds "9"]
[EventCountry "USA"]
[Source "Kevin Hyde"]
[SourceDate "2007.03.18"]

1. d4 g6 2. c4 Bg7 3. Nf3 c5 4. d5 d6 5. Nc3 Nf6 6. e4 O-O 7. Bd3 e5 8. O-O Nh5
9. h3 Nf4 10. Bc2 h6 11. Rb1 Nd7 12. Ne2 g5 13. Ng3 b5 14. b3 Nb6 15. Nd2 Ng6
16. Nf5 Ne7 17. Qh5 a6 18. Nxg7 Kxg7 19. h4 f6 20. g3 Qd7 21. Nf3 Qh3 22. Nh2
Bd7 23. Bd1 Be8 24. Qg4 Qxg4 25. Nxg4 bxc4 26. hxg5 fxg5 27. bxc4 Nxc4 28. Be2
Bb5 29. Re1 Nb6 30. Ne3 Rfb8 31. Bxb5 axb5 32. Rxb5 Rxa2 33. Nc4 Nec8 34. f4
Ra4 35. Nxb6 Rxb6 36. Rxb6 Nxb6 37. fxe5 dxe5 38. Bb2 Nc4 39. Bc3 Kg6 40. Kg2
Ra2+ 41. Kh3 Rc2 42. Ba1 Rd2 43. Rc1 Ne3 44. g4 Rd3 45. Rxc5 Nxg4+ 46. Kg2 Kh5
47. Rc3 Rd2+ 48. Kg3 Nf2 49. Kf3 Nd1 50. Rc1 Kh4 51. Rxd1 g4+ 52. Ke3 Rxd1 53.
Bxe5 g3 54. d6 g2 55. Bh2 Kh3 56. Bg1 Rxg1 57. Ke2 Rd1 58. Kxd1 g1=Q+ 59. Ke2
Qd4 0-1

[Event "2007 U.S. Masters Championship"]
[Site "Hendersonville, NC"]
[Date "2007.03.15"]
[Round "4.2"]
[White "Harris, Neal D"]
[Black "Kobernat, Alan E"]
[Result "1-0"]
[WhiteElo "2215"]
[BlackElo "2017"]
[PlyCount "83"]
[EventDate "2007.03.10"]
[EventType "swiss"]
[EventRounds "9"]
[EventCountry "USA"]
[Source "Kevin Hyde"]
[SourceDate "2007.03.18"]

1. e4 e5 2. Nf3 Nc6 3. d4 exd4 4. Bb5 Bc5 5. O-O Nge7 6. Ng5 d5 7. b4 Bb6 8.
Qh5 g6 9. Qh6 Ng8 10. Qh4 h6 11. exd5 Qxd5 12. Re1+ Kf8 13. Bxc6 bxc6 14. Ne4
Bf5 15. Nf6 Qd8 16. Re8+ Qxe8 17. Nxe8 Rxe8 18. Bd2 g5 19. Qh5 Bxc2 20. Na3 Bg6
21. Qf3 Be4 22. Qb3 Bd5 23. Qd3 Nf6 24. Nc4 Be4 25. Qa3 Kg7 26. Qb2 Rd8 27. a4
a6 28. f3 Bd3 29. Nxb6 cxb6 30. Re1 Rd7 31. Qc1 Rc8 32. h4 c5 33. hxg5 hxg5 34.
Bxg5 Nh7 35. Qf4 f6 36. Bh6+ Kh8 37. bxc5 bxc5 38. Qg4 Rcd8 39. Re8+ Rxe8 40.
Qxd7 Rg8 41. Qd5 Rc8 42. Bg7+ 1-0

[Event "2007 U.S. Masters Championship"]
[Site "Hendersonville, NC"]
[Date "2007.03.15"]
[Round "4.2"]
[White "Ho, Conrad"]
[Black "Dana, Maurice"]
[Result "1-0"]
[WhiteElo "2201"]
[BlackElo "2205"]
[PlyCount "93"]
[EventDate "2007.03.10"]
[EventType "swiss"]
[EventRounds "9"]
[EventCountry "USA"]
[Source "Kevin Hyde"]
[SourceDate "2007.03.18"]

1. e4 e5 2. Nf3 Nc6 3. Nc3 Nf6 4. d4 exd4 5. Nd5 Nxd5 6. exd5 Bb4+ 7. Bd2 Qe7+
8. Qe2 Bxd2+ 9. Kxd2 Qxe2+ 10. Bxe2 Nb4 11. Rhe1 O-O 12. d6 d3 13. Bxd3 Nxd3
14. Kxd3 c5 15. Re7 f6 16. h4 h5 17. Rae1 b6 18. Ng1 Ba6+ 19. c4 Rad8 20. Ne2
f5 21. Nf4 Rf6 22. Nxh5 Rxd6+ 23. Kc3 Rh6 24. Rxg7+ Kh8 25. Rg5 Rg8 26. Nf4
Rxh4 27. Ng6+ Rxg6 28. Rxg6 Rxc4+ 29. Kb3 Kh7 30. Rg5 Kh6 31. Rxf5 Rg4 32. g3
Bc4+ 33. Kc3 Kg6 34. Rf8 b5 35. a3 Rd4 36. Re5 d6 37. Re3 a5 38. b4 axb4+ 39.
axb4 Bd5 40. Rd8 Bf7 41. bxc5 Rc4+ 42. Kd2 dxc5 43. Rc3 Ra4 44. Rd6+ Kg7 45.
Rxc5 b4 46. Rd4 Ra2+ 47. Rc2 1-0

[Event "2007 U.S. Masters Championship"]
[Site "Hendersonville, NC"]
[Date "2007.03.14"]
[Round "1.3"]
[White "Panjwani, Raja D"]
[Black "Nagle, Sean M"]
[Result "0-1"]
[WhiteElo "2213"]
[BlackElo "2432"]
[PlyCount "58"]
[EventDate "2007.03.10"]
[EventType "swiss"]
[EventRounds "9"]
[EventCountry "USA"]
[Source "Kevin Hyde"]
[SourceDate "2007.03.18"]

1. e4 c5 2. Nf3 d6 3. d4 Nf6 4. Nc3 cxd4 5. Nxd4 g6 6. Be3 a6 7. f3 b5 8. Qd2
Bb7 9. g4 h6 10. a4 b4 11. Na2 e5 12. Nb3 d5 13. Bc5 Qc7 14. Bxf8 Kxf8 15.
Qxb4+ Kg7 16. Nc5 Bc8 17. Qc3 Nc6 18. Nb4 Nxb4 19. Ne6+ Bxe6 20. Qxc7 Rac8 21.
Qxe5 Nxc2+ 22. Kf2 Nxa1 23. h4 Nb3 24. Rg1 Rc2+ 25. Kg3 Bxg4 26. Rg2 Re8 27.
Qd6 Bxf3 28. Qb4 Bxg2 29. Qxb3 Bxe4 0-1

[Event "2007 U.S. Masters Championship"]
[Site "Hendersonville, NC"]
[Date "2007.03.14"]
[Round "1.3"]
[White "Burnett, Ronald W"]
[Black "Zorigt, Bayaraa"]
[Result "1/2-1/2"]
[WhiteElo "2423"]
[BlackElo "2196"]
[PlyCount "93"]
[EventDate "2007.03.10"]
[EventType "swiss"]
[EventRounds "9"]
[EventCountry "USA"]
[Source "Kevin Hyde"]
[SourceDate "2007.03.18"]

1. c4 Nf6 2. Nc3 e6 3. Nf3 b6 4. e4 Bb7 5. Qe2 c5 6. e5 Ng8 7. d3 d6 8. Bg5 Be7
9. Bxe7 Nxe7 10. d4 cxd4 11. Nxd4 dxe5 12. Qxe5 O-O 13. O-O-O Nbc6 14. Nxc6
Nxc6 15. Rxd8 Nxe5 16. Rxa8 Bxa8 17. f3 h5 18. h4 Ng6 19. Kd2 f5 20. Be2 Rd8+
21. Kc2 Nf4 22. Bf1 e5 23. Rg1 Kf7 24. b4 Bc6 25. a4 Ng6 26. b5 Ba8 27. c5 bxc5
28. a5 Rd4 29. Be2 Nf4 30. Bd1 Rb4 31. g3 Ne6 32. g4 Nd4+ 33. Kd3 hxg4 34. fxg4
c4+ 35. Kd2 Rb2+ 36. Kc1 Rb4 37. gxf5 Bf3 38. Bxf3 Nxf3 39. Rg6 Rb3 40. Ne4 Nd4
41. b6 axb6 42. Rxb6 Ra3 43. Rb7+ Kg8 44. Rb8+ Kf7 45. Rb7+ Kg8 46. Rb8+ Kf7
47. Rb7+ 1/2-1/2

[Event "2007 U.S. Masters Championship"]
[Site "Hendersonville, NC"]
[Date "2007.03.14"]
[Round "1.3"]
[White "Cao, Tony"]
[Black "Andrews, Todd D"]
[Result "1-0"]
[WhiteElo "2173"]
[BlackElo "2366"]
[PlyCount "89"]
[EventDate "2007.03.10"]
[EventType "swiss"]
[EventRounds "9"]
[EventCountry "USA"]
[Source "Kevin Hyde"]
[SourceDate "2007.03.18"]

1. e4 c5 2. Nf3 d6 3. d4 cxd4 4. Nxd4 Nf6 5. Nc3 a6 6. Be3 e5 7. Nb3 Be6 8. f3
Be7 9. Qd2 Qc7 10. O-O-O O-O 11. g4 Rc8 12. g5 Nh5 13. Kb1 Nd7 14. Nd5 Bxd5 15.
exd5 Nb6 16. Rg1 a5 17. Nc1 Nc4 18. Bxc4 Qxc4 19. Rg4 Qa6 20. Ne2 f5 21. gxf6
Nxf6 22. Rg2 Rc7 23. Rdg1 Bf8 24. Bg5 Rf7 25. Ng3 Qc4 26. Nf5 g6 27. Ne3 Qd4
28. Qc1 Nh5 29. Rg4 Qb6 30. Nc4 Qc7 31. Qd1 Bg7 32. Nd2 Raf8 33. Qe2 Qb6 34.
Be3 Qc7 35. Ne4 Nf4 36. Bxf4 exf4 37. h4 Rf5 38. Qd3 Qb6 39. c3 a4 40. a3 Rc8
41. Rh1 Qb3 42. Rg5 Bxc3 43. Nxc3 Rxg5 44. hxg5 b5 45. Qc2 1-0

[Event "2007 U.S. Masters Championship"]
[Site "Hendersonville, NC"]
[Date "2007.03.14"]
[Round "1.3"]
[White "Simpson, Ronald"]
[Black "Haessel, Dale R"]
[Result "1-0"]
[WhiteElo "2316"]
[BlackElo "2162"]
[PlyCount "51"]
[EventDate "2007.03.10"]
[EventType "swiss"]
[EventRounds "9"]
[EventCountry "USA"]
[Source "Kevin Hyde"]
[SourceDate "2007.03.18"]

1. Nf3 Nf6 2. g3 c5 3. Bg2 Nc6 4. d4 cxd4 5. Nxd4 d5 6. O-O e6 7. c4 Qb6 8. Nc2
dxc4 9. Ne3 Qa6 10. a4 Bc5 11. Na3 O-O 12. Nb5 Rd8 13. Qc2 Nd4 14. Qxc4 Nxb5
15. Ra2 Bd7 16. Qxc5 Rac8 17. Qb4 Be8 18. Ng4 Nd5 19. Bxd5 Rxd5 20. Nh6+ gxh6
21. Bxh6 Rcc5 22. Qg4+ Rg5 23. Bxg5 f6 24. Qb4 Rd5 25. Qe7 Bf7 26. axb5 1-0

[Event "2007 U.S. Masters Championship"]
[Site "Hendersonville, NC"]
[Date "2007.03.14"]
[Round "1.3"]
[White "Orizondo, Hugo"]
[Black "Jones, Craig W"]
[Result "0-1"]
[WhiteElo "2153"]
[BlackElo "2263"]
[PlyCount "72"]
[EventDate "2007.03.10"]
[EventType "swiss"]
[EventRounds "9"]
[EventCountry "USA"]
[Source "Kevin Hyde"]
[SourceDate "2007.03.18"]

1. e4 e6 2. d4 d5 3. Nc3 Nf6 4. e5 Nfd7 5. f4 c5 6. Nf3 Nc6 7. Be3 cxd4 8. Nxd4
Bc5 9. Qd2 O-O 10. O-O-O a6 11. Qf2 Bxd4 12. Bxd4 b5 13. Bd3 b4 14. Ne2 a5 15.
Bb5 Qc7 16. Bxc6 Qxc6 17. f5 a4 18. Qg3 Kh8 19. Nf4 b3 20. axb3 axb3 21. Qxb3
Nc5 22. Bxc5 Qxc5 23. Qf3 Ra1+ 24. Kd2 Qb4+ 25. Ke2 Ra4 26. Nd3 Ba6 27. f6 g6
28. Rhe1 Qxb2 29. Rd2 Qxe5+ 30. Kf2 Qxh2 31. Rf1 Bxd3 32. Qxd3 Rf4+ 33. Ke1
Qh4+ 34. g3 Rxf1+ 35. Qxf1 Qxg3+ 36. Ke2 Qe5+ 0-1

[Event "2007 U.S. Masters Championship"]
[Site "Hendersonville, NC"]
[Date "2007.03.14"]
[Round "1.3"]
[White "Potter, John Russell"]
[Black "Kidd, Jeffrey A"]
[Result "1-0"]
[WhiteElo "2233"]
[BlackElo "2151"]
[PlyCount "63"]
[EventDate "2007.03.10"]
[EventType "swiss"]
[EventRounds "9"]
[EventCountry "USA"]
[Source "Kevin Hyde"]
[SourceDate "2007.03.18"]

1. d4 d5 2. c4 Bf5 3. cxd5 Bxb1 4. Rxb1 Qxd5 5. a3 Nc6 6. Nf3 O-O-O 7. Qc2 Nxd4
8. Nxd4 Qxd4 9. g3 e5 10. Be3 Qd5 11. Bh3+ Kb8 12. O-O Qc6 13. Qb3 b6 14. Rbc1
Qb7 15. Bg2 e4 16. Qxf7 Nf6 17. Rfd1 Bd6 18. Qxg7 Rdf8 19. h3 h5 20. Bd4 Rhg8
21. Qh6 Rh8 22. Qg6 Rhg8 23. Qf5 Bxg3 24. fxg3 Rxg3 25. Bxf6 Rfg8 26. Rd8+ Rxd8
27. Bxd8 Rg7 28. Qf8 Rxg2+ 29. Kxg2 Qd5 30. Bxc7+ Kb7 31. Bg3 Qd2 32. Qc8# 1-0